000 00716nam a2200289Ia 4500
005 20260324120052.0
008 008 260324s9999 xx 000 0 eng d
020 _a9780429481499
037 _aEBOOK
040 _aCRL
040 _beng
040 _cCRL
041 _2eng
041 _aeng
084 _qCRL
100 _aPhil Mollon
_91157110
245 4 _aThe Disintegrating Self
245 0 _bPsychotherapy of Adult ADHD, Autistic Spectrum, and Somato-psychic Disorders
260 _bTaylor and Francis
260 _c2015
365 _a
365 _b205
856 _uhttp://www.taylorfrancis.com/books/9780429481499
942 _cEBOOK
999 _c1748427
_d1748427